|
|
|
|
| LEADER |
00000cam a2200000 a 4500 |
| 001 |
vtls008334953 |
| 003 |
SK-MaSNL |
| 005 |
20260301182042.0 |
| 008 |
181128s1961 xo fr 000 0 hun |
| 015 |
|
|
|a SNBA1962/05-00800
|
| 020 |
|
|
|q (viazané)
|
| 035 |
|
|
|a SK01SNK19620027170
|
| 035 |
|
|
|a SKM000029633
|
| 040 |
|
|
|a SNK
|b slo
|c SNK
|e AACR2
|
| 041 |
1 |
|
|a hun
|h slo
|
| 044 |
|
|
|a xo
|c SK
|
| 072 |
|
7 |
|a 617
|x Ortopédia. Chirurgia. Oftalmológia
|2 konspekt
|
| 080 |
|
|
|a 617-089
|2 2001
|
| 080 |
|
|
|a (035)
|2 2011
|
| 100 |
1 |
|
|a Hájek, Miloš,
|d 1931-
|4 aut
|9 555390
|
| 245 |
1 |
2 |
|a A betegek házi kezelése sebészeti eljárások után
|c Miloš Hájek ; a mü eredeti címe: ... magyarra ford.: Ján Uharček
|
| 260 |
|
|
|a Bratislava
|b Slovenský ústav zdravotníckej osvety
|c 1961
|e Košice
|f Východoslovenské tlačiarne
|
| 300 |
|
|
|a 39, [1] s.
|c 21 cm
|
| 366 |
|
|
|e 2000 výt.
|
| 490 |
1 |
|
|a Tanácsok az egészségeseknek
|v 5. köt
|
| 500 |
|
|
|a A brosúra díjmentes és az egészségügyi felvilágosítás célját szolgálja
|
| 650 |
0 |
7 |
|a chirurgická terapia
|2 SNKPH
|9 68046
|
| 655 |
|
7 |
|a príručky
|2 SNKPH
|9 74364
|
| 700 |
1 |
|
|a Uharček, Ján
|4 trl
|9 555391
|
| 830 |
|
0 |
|a Tanácsok az egészségeseknek
|9 555392
|
| 852 |
|
|
|a Slovenská národná knižnica
|
| 954 |
|
|
|a odborná, vedecká literatúra pôvodná (slovenská)
|2 lita
|
| 958 |
|
|
|a OND
|
| 958 |
|
|
|a OP
|
| 958 |
|
|
|a MI
|
| 968 |
|
|
|b SLO
|
| 999 |
|
|
|c 852239
|d 854169
|
| 952 |
|
|
|a SNK
|b SNK
|y PREZ
|7 0
|p 17A0725698
|o snkSD 21529
|i snkKSP 702-3/62
|0 0
|1 0
|4 0
|d 2023-10-20
|l 0
|r 2025-12-05 00:00:00
|w 2026-02-24
|